Responses for Show #5039 - Thursday, July 6, 2006

Contestants

[<< previous game]

Jo Davidson, a receptionist from Phoenix, Arizona

Rich Small, an IT programmer from Kent, Washington

Seth Supcoff, a hotel manager from Santa Fe, New Mexico (whose 1-day cash winnings total $20,500)

[next game >>]

Jeopardy! Round responses

AMERICAN TOWNS & CITIES
TIME TO "RE"-UP
3-LETTER ANIMALS
IT'S ALL A LEGEND
C'EST CHEESE
MOVIES BEFORE & AFTER
    $200 1
Orlando

Seth
    $200 19
refinish

Jo
    $200 5
an owl

Rich
    $200 11
(Seth: What is Bathsheba?)
...
(Alex: Yes, the Queen of [*]. Bathsheba is associated with David.)

Sheba

SethJo
    $200 12
Roquefort

Rich
    $200 15
(Seth: What is The Return of King Kong?)
...
(Alex: You left out an important word... it's [*].)

Return of the King Kong

Seth
Triple Stumper
    $400 2
(Rich: What is the North Pole?)

Santa Claus

Rich
Triple Stumper
    $400 20
redouble

Rich
    $400 6
an ant

Jo
    $400 13
Lancelot

Triple Stumper
    $400 27
(Jo: What is Edam?)

Gouda

SethJo
    $400 16
(Rich: Spider-Man Afire?)
(Alex: Say it again?)
(Rich: What is Spider-Man Afire?)

Spider-Man on Fire

Rich
Triple Stumper
    $600 3
Augusta

Rich
    $600 21
recede

Jo
    $600 7
an asp

Seth
    $600 14
(Jo: What is the Nile?)

the Euphrates

Jo
Triple Stumper
    $600 28
chèvre

Seth
    $600 17
License to Kill Bill

Rich
    $1,000 4
(Rich: What is Baton Rouge?)
(Alex: Nope. You're in the wrong part of the country. What is [*]?)

Juneau, Alaska

Rich
    $800 22
relax

Triple Stumper
    $800 8
an ass

Jo
    $800 24
Robin Hood

Rich
    $800 29
Mascarpone

Triple Stumper
    $800 18
The Fantastic Four Weddings and a Funeral

Seth
    $1000 10
Fargo

Rich
    $1000 23
reject

Seth
    $1000 9
kit

Seth
    $1000 26
sagas

Triple Stumper
    $1000 30
(Jo: What is curd?)
(Rich: What is cream?)

casein

RichJo
Triple Stumper
    $1000 25
The Pelican Brief Encounter

Triple Stumper

Scores at the first commercial break (after clue 15):

Seth Rich Jo
$1,400 $600 $800

Scores at the end of the Jeopardy! Round:

Seth Rich Jo
$4,200 $1,000 $200

Double Jeopardy! Round responses

BE IT EVER SO "UMBLE"
THERE'S NO PLACE LIKE NOME
WHO WANTS TO BE A MOLIERE?
STATE OF THE UNION
(Alex: You have to name the U.S. state where each union or marriage took place.)
THE GRAND OLE OPRY
THE BIG BOARD
(Sarah: Clues from inside the walls of the New York Stock Exchange.)
    $400 3
humble pie

Jo
    $400 11
a newspaper

Jo
    $400 23
wives

Rich
    $400 8
California

Rich
    $400 1
Hank Williams, Sr.

Jo
    $400 19
(Rich: What's a trader?)

a broker

Rich
Triple Stumper
    $800 4
a bumblebee

Jo
    $800 13
James Michener

Jo
    $800 24
Louis XIV

Triple Stumper
    $800 9
Michigan

Rich
    $800 2
Elvis Presley

Rich
    $800 20
(Alex: Rich, I was hoping you'd ring in now and come up with [*] because now's the time for it. Pick again.)

a trading post

Triple Stumper
    $1200 15
a rumble seat

Rich
    $1,200 14
(Alex: [*] is right, the man who purchased Alaska.)

Seward

Jo
    $1,000 25
(Alex: Rich?)
(Rich: I have no clue.)

The Misanthrope

Rich
    $1200 10
Texas

Seth
    $1200 5
the Carter family

Rich
    $1200 26
an IPO

Rich
    $1600 16
a tumbler

Jo
    $1600 21
(Alex: There's a statue of him. Who is [*]?)

Balto

Triple Stumper
    $1600 12
Tennessee

Seth
    $1600 6
(Alex: We used to listen to music coming from [*] many years ago.)

the Ryman Auditorium

Triple Stumper
    $1600 27
the ticker

Seth
    $2000 17
mumblety-peg

Rich
    $2000 22
(Alex: Famous Norwegian cold-weather explorer? [*], [*].)

Amundsen

Triple Stumper
    $2000 18
Ohio

Triple Stumper
    $2000 7
Brad Paisley

Triple Stumper
    $2000 28
[The end-of-round signal sounds.]

the bear & the bull

Jo

Scores at the end of the Double Jeopardy! Round:

Seth Rich Jo
$8,600 $7,600 $7,800

[wagering suggestions for these scores]

Final Jeopardy! Round responses

CHILDREN'S LIT TITLE CHARACTERS
RichWho is Bambi?
$2,000
JoWho is Bambi?
$1,200
SethWho ?
$6,600
Bambi

Final scores:

Seth Rich Jo
$2,000 $9,600 $9,000
3rd place: $1,000 New champion: $9,600 2nd place: $2,000

Game dynamics:

Coryat scores:

Seth Rich Jo
$8,600 $9,600 $7,800
10 R,
2 W
15 R,
6 W
(including 2 DDs)
13 R
(including 1 DD),
3 W

Combined Coryat: $26,000

[game clues] [game scores] [suggest correction]

Game tape date: Unknown
The J! Archive is created by fans, for fans. Scraping, republication, monetization, and malicious use prohibited; this site may use cookies and collect identifying information. See terms. The Jeopardy! game show and all elements thereof, including but not limited to copyright and trademark thereto, are the property of Jeopardy Productions, Inc. and are protected under law. This website is not affiliated with, sponsored by, or operated by Jeopardy Productions, Inc. Join the discussion at JBoard.tv.